Largest USA 5 Letter Settlements - Statistics

General Stats
  • This quiz has been taken 29 times
  • The average score is 10 of 17
Answer Stats
State Place Population % Correct
Florida Miami 470,914
100%
Nebraska Omaha 468,262
100%
Idaho Boise 228,790
92%
Florida Tampa 392,890
92%
Oklahoma Tulsa 400,669
88%
Oregon Salem 173,442
77%
Ohio Akron 198,006
73%
North Dakota Fargo 124,844
73%
Utah Provo 116,702
62%
Georgia Macon 153,095
50%
Texas Plano 288,061
50%
Arizona Tempe 192,364
46%
Texas Tyler 105,729
23%
Illinois Elgin 111,683
19%
Texas Allen 103,383
8%
Florida Davie 106,558
4%
California Vista 101,224
4%
No matching quizzes found
Score Distribution
Percent of People with Each Score
Percentile by Number Answered
Your Score History
You have not taken this quiz